[Event "1MCR_3DE_1L_1S"]
[Site "?"]
[Date "2005.??.??"]
[Round "1"]
[White "Pauschek, Roman"]
[Black "Svoboda, Frantisek"]
[Result "1/2-1/2"]
[WhiteElo "2172"]
[BlackElo "2391"]
[PlyCount "86"]
[EventDate "2005.??.??"]
[EventType "corr"]
[SourceDate "2005.03.20"]

1. d4 e6 2. c4 Nf6 3. Nc3 c5 4. d5 exd5 5. cxd5 d6 6. e4 g6 7. f4 Bg7 8. Bb5+
Nfd7 9. a4 O-O 10. Nf3 Nf6 11. O-O Bg4 12. Re1 Nfd7 13. h3 Bxf3 14. Qxf3 Na6
15. Be3 Nb4 16. Rac1 a6 17. Bc4 f5 18. e5 dxe5 19. d6+ Kh8 20. Qxb7 Rb8 21. Qc7
e4 22. Red1 Rc8 23. Qxd8 Rfxd8 24. a5 Rc6 25. Rd2 Nf8 26. Rcd1 h6 27. Ne2 Nd7
28. Kf2 Nd3+ 29. Bxd3 exd3 30. Rxd3 Bxb2 31. g4 fxg4 32. hxg4 Kg8 33. Kf3 c4
34. R3d2 Ba3 35. Rc2 Kf7 36. Nd4 Rcc8 37. Rh2 Bxd6 38. Rxh6 Bc5 39. Rh7+ Kg8
40. Rh2 Kf7 41. g5 c3 42. Nb3 Bxe3 43. Kxe3 Re8+ 1/2-1/2

[Event "1MCR_3DE_1L_3S"]
[Site "?"]
[Date "2005.??.??"]
[Round "3"]
[White "Zednik, Martin"]
[Black "Hlavacek, Ladislav"]
[Result "1/2-1/2"]
[WhiteElo "2077"]
[BlackElo "2009"]
[PlyCount "84"]
[EventDate "2005.??.??"]
[EventType "corr"]
[SourceDate "2005.03.20"]

1. e4 e5 2. Nf3 Nc6 3. Bb5 a6 4. Ba4 Nf6 5. O-O Be7 6. Re1 b5 7. Bb3 O-O 8. c3
d6 9. h3 Na5 10. Bc2 Bb7 11. d4 c5 12. d5 Nc4 13. b3 Nb6 14. a4 bxa4 15. bxa4
a5 16. Na3 Ba6 17. Rb1 Rb8 18. Nb5 Qd7 19. Qe2 c4 20. Be3 Nxa4 21. Bxa4 Bxb5
22. Rxb5 Rxb5 23. Qxc4 Rfb8 24. Nd2 Bd8 25. Ra1 h5 26. Kf1 Qb7 27. Qxb5 Qxb5+
28. Bxb5 Rxb5 29. Ke2 Rb8 30. Kd3 Bc7 31. Nc4 Rb5 32. f4 exf4 33. Bxf4 Ne8 34.
g4 hxg4 35. hxg4 f6 36. Be3 Kf7 37. Ra3 Bd8 38. Kc2 g6 39. Ra1 g5 40. Bd4 Bc7
41. Kd3 Kg6 42. Kd2 Kf7 1/2-1/2

[Event "1MCR_3DE_1L_3S"]
[Site "?"]
[Date "2005.??.??"]
[Round "3"]
[White "Schwarz, Jan"]
[Black "Motejzik, Jaroslav"]
[Result "1/2-1/2"]
[WhiteElo "2295"]
[BlackElo "2000"]
[PlyCount "51"]
[EventDate "2005.??.??"]
[EventType "corr"]
[SourceDate "2005.03.20"]

1. e4 e6 2. d4 d5 3. Nd2 Nf6 4. e5 Nfd7 5. c3 c5 6. Bd3 Nc6 7. Ne2 cxd4 8. cxd4
f6 9. Nf4 Nxd4 10. Qh5+ Ke7 11. exf6+ Nxf6 12. Ng6+ hxg6 13. Qxh8 Kf7 14. O-O
e5 15. Nf3 Nxf3+ 16. gxf3 e4 17. fxe4 Nh5 18. exd5 Qh4 19. Bxg6+ Kxg6 20. Qxf8
Bh3 21. Qf3 Rf8 22. Qd3+ Rf5 23. f3 Bxf1 24. Qxf1 Qd4+ 25. Qf2 Qd1+ 26. Qf1
1/2-1/2

[Event "1MCR_3DE_1L_3S"]
[Site "?"]
[Date "2005.??.??"]
[Round "3"]
[White "Glaser, Karel"]
[Black "Schwarz, Jan"]
[Result "1/2-1/2"]
[WhiteElo "2039"]
[BlackElo "2295"]
[PlyCount "44"]
[EventDate "2005.??.??"]
[EventType "corr"]
[SourceDate "2005.03.20"]

1. e4 c5 2. Nf3 d6 3. d4 cxd4 4. Nxd4 Nf6 5. Nc3 a6 6. Be3 e5 7. Nf3 Be7 8. Bc4
O-O 9. O-O Be6 10. Qe2 b5 11. Bb3 h6 12. Ne1 Bxb3 13. axb3 b4 14. Nd5 Nxd5 15.
exd5 Nd7 16. c4 Bg5 17. Nd3 Bxe3 18. Qxe3 a5 19. Ra2 Qc7 20. Rfa1 Rfb8 21. Qe2
Qb6 22. Ra4 Re8 1/2-1/2

[Event "1MCR_3DE_1L_3S"]
[Site "?"]
[Date "2005.??.??"]
[Round "3"]
[White "Svrsek, Radomir"]
[Black "Nepustil, Frantisek"]
[Result "1/2-1/2"]
[WhiteElo "2190"]
[BlackElo "2200"]
[PlyCount "56"]
[EventDate "2005.??.??"]
[EventType "corr"]
[SourceDate "2005.03.20"]

1. e4 d5 2. exd5 Nf6 3. Bb5+ Bd7 4. Bc4 Bg4 5. f3 Bf5 6. Nc3 c6 7. dxc6 Nxc6 8.
Nge2 e6 9. d3 Bc5 10. g4 Bg6 11. h4 h6 12. Nf4 Bh7 13. g5 hxg5 14. hxg5 Qd4 15.
Qe2 O-O-O 16. Qg2 Nb4 17. Bb3 Nfd5 18. Nfe2 Qe5 19. Nxd5 Nxd5 20. d4 Bxd4 21.
f4 Ne3 22. Qf3 Be4 23. fxe5 Bxf3 24. Rxh8 Ng2+ 25. Kf1 Bxe2+ 26. Kxe2 Rxh8 27.
g6 fxg6 28. Kf3 Rh2 1/2-1/2

[Event "1MCR_3DE_1L_3S"]
[Site "?"]
[Date "2005.??.??"]
[Round "3"]
[White "Svrsek, Radomir"]
[Black "Hlavacek, Ladislav"]
[Result "1-0"]
[WhiteElo "2190"]
[BlackElo "2009"]
[PlyCount "81"]
[EventDate "2005.??.??"]
[EventType "corr"]
[SourceDate "2005.03.20"]

1. d4 d5 2. Nf3 Nf6 3. e3 Bg4 4. c4 c6 5. cxd5 cxd5 6. Nc3 Nc6 7. Qb3 Rb8 8.
Ne5 Bd7 9. Bd3 e6 10. f4 Bb4 11. O-O Qb6 12. Bd2 O-O 13. a3 Ba5 14. Qc2 Qd8 15.
b4 Bb6 16. b5 Ne7 17. Na4 Rc8 18. Qb1 Ng6 19. Bb4 Re8 20. Qe1 Ne7 21. Nxb6 axb6
22. a4 Ne4 23. Qb1 f6 24. Nc4 Nf5 25. Rc1 Kh8 26. Bxe4 dxc4 27. Rc3 Ne7 28.
Bxh7 Nd5 29. Bg6 f5 30. Rca3 Rg8 31. Bf7 Nxb4 32. Qxb4 Rf8 33. Bh5 Rf6 34. Bf3
Rh6 35. Bxb7 Rb8 36. Bf3 Kh7 37. Qxc4 Qh4 38. h3 Qg3 39. Qc7 Rc8 40. Qxd7 Rc2
41. Qc6 1-0

[Event "1MCR_3DE_1L_1S"]
[Site "?"]
[Date "2005.??.??"]
[Round "1"]
[White "Pecka, Josef"]
[Black "Splichal, Josef"]
[Result "1-0"]
[WhiteElo "2309"]
[BlackElo "2279"]
[PlyCount "65"]
[EventDate "2005.??.??"]
[EventType "corr"]
[SourceDate "2005.03.20"]

1. e4 e5 2. f4 exf4 3. Bc4 Nf6 4. Nc3 c6 5. Bb3 d5 6. exd5 cxd5 7. d4 Bb4 8.
Nf3 O-O 9. O-O Bxc3 10. bxc3 Qc7 11. Qe1 Nc6 12. Qh4 Bg4 13. h3 Bxf3 14. Rxf3
Qa5 15. Bxf4 Ne4 16. Rd3 Rfe8 17. Rf1 Re7 18. Bc1 Rae8 19. c4 Qb6 20. c5 Qd8
21. Qh5 Nxd4 22. Rxd4 Ng3 23. Qh4 Nxf1 24. Kxf1 Qc7 25. Bd2 Re5 26. Rxd5 Re4
27. Qh5 R4e7 28. Rf5 g6 29. Qg5 Re6 30. Rf3 Qe7 31. Bxe6 Qxe6 32. Bc3 f5 33.
Qh4 1-0

[Event "1MCR_3DE_1L_2S"]
[Site "?"]
[Date "2005.??.??"]
[Round "2"]
[White "Pytlik, Lesek"]
[Black "Binas, Jindrich"]
[Result "1-0"]
[WhiteElo "2367"]
[BlackElo "2114"]
[PlyCount "31"]
[EventDate "2005.??.??"]
[EventType "corr"]
[SourceDate "2005.03.20"]

1. e4 c5 2. Nf3 Nc6 3. Bb5 g6 4. Bxc6 dxc6 5. d3 Bg7 6. h3 Nf6 7. Nc3 O-O 8.
Be3 b6 9. Qd2 a5 10. Bh6 a4 11. Bxg7 Kxg7 12. a3 Be6 13. O-O h6 14. Rad1 Qc7
15. Qe3 Rfd8 16. Rfe1 1-0

[Event "1MCR_3DE_1L_2S"]
[Site "?"]
[Date "2005.??.??"]
[Round "2"]
[White "Pytlik, Lesek"]
[Black "Markytan, Vladislav"]
[Result "1/2-1/2"]
[WhiteElo "2367"]
[BlackElo "2168"]
[PlyCount "44"]
[EventDate "2005.??.??"]
[EventType "corr"]
[SourceDate "2005.03.20"]

1. e4 e6 2. d4 d5 3. Nd2 Nf6 4. e5 Nfd7 5. Bd3 c5 6. c3 Nc6 7. Ne2 cxd4 8. cxd4
f6 9. exf6 Nxf6 10. O-O Bd6 11. Nf3 Qc7 12. g3 O-O 13. Bf4 Bd7 14. Re1 Rae8 15.
Rc1 Qb8 16. Qd2 Kh8 17. Bxd6 Qxd6 18. Nf4 Nh5 19. Nxh5 Rxf3 20. Qg5 Rf7 21. Nf4
Rf6 22. Nh5 Rf7 1/2-1/2

[Event "1MCR_3DE_1L_3S"]
[Site "?"]
[Date "2005.??.??"]
[Round "3"]
[White "Glaser, Karel"]
[Black "Bednarik, Radovan"]
[Result "0-1"]
[WhiteElo "2039"]
[BlackElo "2201"]
[PlyCount "68"]
[EventDate "2005.??.??"]
[EventType "corr"]
[SourceDate "2005.03.20"]

1. e4 d5 2. exd5 Nf6 3. d4 Nxd5 4. c4 Nf6 5. Nc3 e5 6. dxe5 Qxd1+ 7. Nxd1 Ng4
8. f4 Nc6 9. Nf3 Nb4 10. Nd4 f6 11. exf6 Kf7 12. a3 Bc5 13. axb4 Bxd4 14. fxg7
Kxg7 15. Ra3 Re8+ 16. Be2 Be6 17. Kf1 Kh8 18. h3 Nf6 19. g4 Ne4 20. Kg2 Nd2 21.
Bxd2 Bd5+ 22. Bf3 Re2+ 23. Kf1 Bxf3 24. Be3 Rxe3 25. Nxe3 Bxh1 26. Nf5 Bxb2 27.
Ra2 Bc1 28. Ng3 Bc6 29. f5 Bf4 30. Ne2 Be5 31. Kf2 Kg7 32. b5 Be8 33. Kf3 Bf7
34. Ra4 Bd6 0-1

[Event "1MCR_3DE_1L_2S"]
[Site "?"]
[Date "2005.??.??"]
[Round "2"]
[White "Binas, Jindrich"]
[Black "Sedlaty, Martin"]
[Result "1/2-1/2"]
[WhiteElo "2114"]
[BlackElo "1800"]
[PlyCount "53"]
[EventDate "2005.??.??"]
[EventType "corr"]
[SourceDate "2005.03.20"]

1. e4 d5 2. exd5 Nf6 3. d4 Nxd5 4. c4 Nb6 5. Nc3 e5 6. d5 Bb4 7. Qb3 Na6 8. a3
Be7 9. Be3 Bc5 10. Ne4 Bxe3 11. Qxe3 O-O 12. b4 f5 13. Nc3 Nb8 14. Rd1 f4 15.
Qf3 N6d7 16. Ne4 a5 17. Bd3 axb4 18. axb4 Na6 19. Rb1 c5 20. dxc6 bxc6 21. Qd1
Rb8 22. Qd2 Nf6 23. Nf3 Nxe4 24. Bxe4 Nxb4 25. Qc3 c5 26. O-O Re8 27. h3
1/2-1/2

[Event "1MCR_3DE_1L_2S"]
[Site "?"]
[Date "2005.??.??"]
[Round "2"]
[White "Cakl, Miloslav"]
[Black "Toman, Antonin"]
[Result "0-1"]
[WhiteElo "1907"]
[BlackElo "2209"]
[PlyCount "102"]
[EventDate "2005.??.??"]
[EventType "corr"]
[SourceDate "2005.03.20"]

1. e4 e5 2. Nf3 Nc6 3. Bc4 Nf6 4. d4 exd4 5. O-O Nxe4 6. Re1 d5 7. Bxd5 Qxd5 8.
Nc3 Qa5 9. Nxe4 Be6 10. Neg5 O-O-O 11. Nxe6 fxe6 12. Rxe6 Bd6 13. Bg5 Rde8 14.
Qe2 Kd7 15. Re1 Qxe1+ 16. Nxe1 Rxe6 17. Qg4 h5 18. Qh3 Ne5 19. g3 Ng4 20. Nd3
g6 21. Qg2 c6 22. h3 Ne5 23. Nf4 Ree8 24. Qe4 Rhf8 25. h4 Bc5 26. Kg2 a6 27. b4
Bb6 28. g4 d3 29. Nxd3 Nxd3 30. Qxd3+ Kc8 31. Be3 Bxe3 32. fxe3 Re6 33. Qd1
Rxe3 34. gxh5 gxh5 35. Qxh5 Re4 36. a3 Kb8 37. Qg6 Ree8 38. Kh3 Rg8 39. Qd3 Rh8
40. a4 Rh5 41. a5 Reh8 42. Qg3+ Ka8 43. c3 c5 44. Qg7 Rxh4+ 45. Kg3 R4h7 46.
Qf6 cxb4 47. cxb4 Re8 48. Kf2 Rhh8 49. Qd6 Rhf8+ 50. Kg3 Re3+ 51. Kh2 Ref3 0-1

[Event "1MCR_3DE_1L_2S"]
[Site "?"]
[Date "2005.??.??"]
[Round "2"]
[White "Svajdler, Frantisek"]
[Black "Paukert, Martin"]
[Result "1/2-1/2"]
[WhiteElo "2168"]
[BlackElo "2057"]
[PlyCount "59"]
[EventDate "2005.??.??"]
[EventType "corr"]
[SourceDate "2005.03.20"]

1. e4 c5 2. c3 d5 3. exd5 Qxd5 4. d4 Nf6 5. Nf3 Nc6 6. Be2 cxd4 7. cxd4 e6 8.
Nc3 Qd6 9. O-O Be7 10. Nb5 Qd8 11. Bf4 Nd5 12. Bg3 O-O 13. Bc4 a6 14. Bxd5 exd5
15. Nc7 Rb8 16. Ne5 Nb4 17. Nd3 Nc6 18. Nf4 Bh4 19. Bxh4 Qxh4 20. Qd2 Qd8 21.
Ncxd5 Be6 22. Nc3 Qxd4 23. Rad1 Qxd2 24. Rxd2 Rfd8 25. Rfd1 Rxd2 26. Rxd2 Bf5
27. f3 Rd8 28. Rxd8+ Nxd8 29. Kf2 Kf8 30. Ke3 1/2-1/2

[Event "1MCR_3DE_1L_3S"]
[Site "?"]
[Date "2005.??.??"]
[Round "3"]
[White "Mikoska, Josef"]
[Black "Svrsek, Radomir"]
[Result "1-0"]
[WhiteElo "2134"]
[BlackElo "2190"]
[PlyCount "67"]
[EventDate "2005.??.??"]
[EventType "corr"]
[SourceDate "2005.03.20"]

1. e4 c6 2. b3 d5 3. e5 c5 4. f4 Bf5 5. Nf3 Nc6 6. Bb5 Qb6 7. a4 a6 8. a5 Qxb5
9. Nc3 Bxc2 10. Nxb5 Bxd1 11. Nc7+ Kd8 12. Nxa8 e6 13. Kxd1 Nh6 14. Bb2 Be7 15.
Nb6 Kc7 16. Ke2 Nf5 17. g4 Nh4 18. Nxh4 Bxh4 19. Na4 Be7 20. Rhc1 Nxa5 21. Nxc5
Nc6 22. Ba3 Bxc5 23. Bxc5 Kd7 24. Rc3 a5 25. Bb6 Ra8 26. b4 axb4 27. Rxa8 bxc3
28. dxc3 g5 29. Rf8 gxf4 30. Rxf7+ Ke8 31. Rxh7 Nxe5 32. g5 Kf8 33. h4 f3+ 34.
Kf2 1-0

[Event "1MCR_3DE_1L_1S"]
[Site "?"]
[Date "2005.??.??"]
[Round "1"]
[White "Necesany, Zdenek"]
[Black "Splichal, Josef"]
[Result "0-1"]
[WhiteElo "2215"]
[BlackElo "2279"]
[PlyCount "78"]
[EventDate "2005.??.??"]
[EventType "corr"]
[SourceDate "2005.03.20"]

1. d4 Nf6 2. c4 c5 3. d5 e6 4. Nc3 exd5 5. cxd5 d6 6. e4 g6 7. Nf3 Bg7 8. Be2
O-O 9. O-O a6 10. a4 Re8 11. Nd2 Nbd7 12. h3 b6 13. Qc2 Bb7 14. Nc4 Ne5 15. Ne3
Ned7 16. f4 Rb8 17. g4 Rf8 18. g5 Ne8 19. Ng4 Qe7 20. Bd2 f6 21. h4 f5 22. exf5
gxf5 23. Ne3 Bd4 24. Rf3 Kh8 25. Re1 Nc7 26. Kh2 Qf7 27. Rg3 b5 28. g6 hxg6 29.
h5 Qf6 30. hxg6 Kg7 31. Bf3 Rh8+ 32. Kg2 Bxe3 33. Rxe3 b4 34. Rg5 Ne5 35. Rxe5
dxe5 36. Qxf5 Qxf5 37. Rxf5 Rhf8 38. Rxe5 Kxg6 39. Nb5 axb5 0-1

[Event "1MCR_3DE_1L_2S"]
[Site "?"]
[Date "2005.??.??"]
[Round "2"]
[White "Markytan, Vladislav"]
[Black "Hlavac, Frantisek"]
[Result "1/2-1/2"]
[WhiteElo "2168"]
[BlackElo "2355"]
[PlyCount "33"]
[EventDate "2005.??.??"]
[EventType "corr"]
[SourceDate "2005.03.20"]

1. d4 Nf6 2. Nf3 c5 3. c4 g6 4. Nc3 Bg7 5. e4 cxd4 6. Nxd4 Nc6 7. Be3 Ng4 8.
Qxg4 Nxd4 9. Qd1 Nc6 10. c5 Qa5 11. Qd2 O-O 12. a3 b6 13. cxb6 axb6 14. Bh6
Bxc3 15. Qxc3 Qxc3+ 16. bxc3 Re8 17. Be3 1/2-1/2

[Event "1MCR_3DE_1L_1S"]
[Site "?"]
[Date "2005.??.??"]
[Round "1"]
[White "Baciak, Miloslav"]
[Black "Lounek, Jan"]
[Result "0-1"]
[WhiteElo "1895"]
[BlackElo "2380"]
[PlyCount "96"]
[EventDate "2005.??.??"]
[EventType "corr"]
[SourceDate "2005.03.20"]

1. e4 c5 2. Nf3 d6 3. d4 cxd4 4. Nxd4 Nf6 5. Nc3 a6 6. Bg5 e6 7. f4 Nbd7 8. Qf3
Qc7 9. O-O-O b5 10. Bd3 Bb7 11. g4 b4 12. Nce2 Nc5 13. Bxf6 gxf6 14. Kb1 d5 15.
Ng3 h5 16. g5 fxg5 17. fxg5 h4 18. Qf6 Rg8 19. Nh5 Be7 20. Qh6 O-O-O 21. Nf6
Rg6 22. Qxh4 dxe4 23. Bc4 Qe5 24. Ng4 Qg7 25. c3 bxc3 26. bxc3 Rxg5 27. h3 Na4
28. Qe1 Rc5 29. Ne3 Bh4 30. Qd2 Qg3 31. Qc2 Nb6 32. Qe2 Bg5 33. Nxe6 fxe6 34.
Bxe6+ Kc7 35. Rxd8 Kxd8 36. Re1 Na4 37. Nd1 Nxc3+ 38. Nxc3 Qxc3 39. Rd1+ Ke7
40. Qb2 Qxb2+ 41. Kxb2 Kxe6 42. a4 Bf6+ 43. Ka2 Rc2+ 44. Kb3 Rb2+ 45. Kc4 Bd5+
46. Rxd5 Rc2+ 47. Kb3 Rc3+ 48. Kb4 Kxd5 0-1

[Event "1MCR_3DE_1L_2S"]
[Site "?"]
[Date "2005.??.??"]
[Round "2"]
[White "Paukert, Martin"]
[Black "Binas, Jindrich"]
[Result "1-0"]
[WhiteElo "2057"]
[BlackElo "2114"]
[PlyCount "45"]
[EventDate "2005.??.??"]
[EventType "corr"]
[SourceDate "2005.03.20"]

1. e4 c5 2. Nf3 Nc6 3. d4 cxd4 4. Nxd4 Nf6 5. Nc3 e5 6. Ndb5 d6 7. Bg5 a6 8.
Na3 b5 9. Bxf6 gxf6 10. Nd5 f5 11. c3 Bg7 12. exf5 Bxf5 13. Nc2 Ne7 14. Bd3
Nxd5 15. Bxf5 Ne7 16. Qg4 O-O 17. Ne3 d5 18. Rd1 d4 19. Be4 Rc8 20. O-O Qb6 21.
Nf5 Nxf5 22. Qxf5 Qh6 23. Rd3 1-0

[Event "1MCR_3DE_1L_2S"]
[Site "?"]
[Date "2005.??.??"]
[Round "2"]
[White "Svajdler, Frantisek"]
[Black "Janous, Petr"]
[Result "1/2-1/2"]
[WhiteElo "2168"]
[BlackElo "2270"]
[PlyCount "55"]
[EventDate "2005.??.??"]
[EventType "corr"]
[SourceDate "2005.03.20"]

1. e4 c5 2. Nf3 d6 3. d4 cxd4 4. Nxd4 Nf6 5. Nc3 a6 6. Be2 e6 7. O-O Be7 8. f4
O-O 9. Be3 Qc7 10. g4 d5 11. exd5 Nxd5 12. Nxd5 exd5 13. Bf3 Re8 14. c3 Nd7 15.
Nf5 Bf8 16. Bd4 Nb6 17. Ne3 Bd7 18. a4 a5 19. b3 Bc5 20. Qd2 Re7 21. f5 Rae8
22. Rae1 Bxd4 23. Qxd4 Re5 24. Nxd5 Nxd5 25. Rxe5 Rxe5 26. Bxd5 Re2 27. Rf2
Rxf2 28. Kxf2 1/2-1/2

[Event "1MCR_3DE_1L_3S"]
[Site "?"]
[Date "2005.??.??"]
[Round "3"]
[White "Hlavacek, Ladislav"]
[Black "Glaser, Karel"]
[Result "0-1"]
[WhiteElo "2009"]
[BlackElo "2039"]
[PlyCount "144"]
[EventDate "2005.??.??"]
[EventType "corr"]
[SourceDate "2005.03.20"]

1. d4 Nf6 2. Bf4 d5 3. e3 e6 4. Nf3 c6 5. Bd3 Bd6 6. Bxd6 Qxd6 7. O-O Nbd7 8.
c4 e5 9. Be2 Qe7 10. cxd5 Nxd5 11. Qc2 e4 12. Nfd2 N7f6 13. Nc3 Bf5 14. Nc4 O-O
15. Rab1 Rac8 16. Ne5 Rfd8 17. Rfd1 c5 18. Bc4 Be6 19. Qb3 Nxc3 20. bxc3 Bxc4
21. Nxc4 b6 22. Ne5 Qc7 23. Qb2 Nd5 24. Rdc1 c4 25. h3 f6 26. Ng4 Qf7 27. Qa3
Qg6 28. Rc2 Rc7 29. Rb5 Qg5 30. Qa4 Qf5 31. Rb1 Qe6 32. Qa6 Qe7 33. Re1 Qe6 34.
Rb1 Qc6 35. a4 Rcd7 36. Rcc1 Rd6 37. Qb5 Qc8 38. Qb2 a6 39. Rd1 Qc6 40. Qc2 Qe8
41. Qa2 Rc6 42. Qc2 Qg6 43. Re1 Re6 44. Qa2 h5 45. Nh2 Rc8 46. Qc2 f5 47. f4 h4
48. Nf1 Qh5 49. Kh1 Rf8 50. Qa2 Rc6 51. Qa3 Rf7 52. Rb2 Qh6 53. Kh2 Rb7 54. Kh1
Qd6 55. Qxd6 Rxd6 56. Rc1 b5 57. Rbb1 Kf7 58. Kg1 Rbb6 59. a5 Rb8 60. Kf2 Rg8
61. Rb2 g5 62. fxg5 Rdg6 63. Kg1 Ke6 64. Rf2 Rxg5 65. Rcc2 R5g7 66. Rfe2 b4 67.
cxb4 c3 68. Kh2 Rc7 69. Rc1 Nxb4 70. g3 c2 71. g4 fxg4 72. hxg4 Rxg4 0-1

[Event "1MCR_3DE_1L_1S"]
[Site "?"]
[Date "2005.??.??"]
[Round "1"]
[White "Splichal, Josef"]
[Black "Vozda, Jindrich"]
[Result "1/2-1/2"]
[WhiteElo "2279"]
[BlackElo "2494"]
[PlyCount "59"]
[EventDate "2005.??.??"]
[EventType "corr"]
[SourceDate "2005.03.20"]

1. e4 c5 2. Nf3 d6 3. d4 cxd4 4. Nxd4 Nf6 5. Nc3 a6 6. Bg5 e6 7. f4 Be7 8. Qf3
Qc7 9. O-O-O Nbd7 10. Bd3 b5 11. Rhe1 Bb7 12. Qg3 b4 13. Nd5 exd5 14. exd5 Kd8
15. Nc6+ Bxc6 16. dxc6 Nc5 17. Bh4 Rg8 18. Bf5 a5 19. Re2 Qxc6 20. Bxh7 Re8 21.
Rxe7 Rxe7 22. Qxg7 Nxh7 23. Qxf7 Raa7 24. Qxh7 Qe4 25. Qg8+ Kd7 26. Bxe7 Qxe7
27. Kb1 Rc7 28. Qg6 Qe6 29. Qg7+ Kc8 30. Qh8+ 1/2-1/2

[Event "1MCR_3DE_1L_1S"]
[Site "?"]
[Date "2005.??.??"]
[Round "1"]
[White "Tomisek, Petr"]
[Black "Splichal, Josef"]
[Result "0-1"]
[WhiteElo "2170"]
[BlackElo "2279"]
[PlyCount "94"]
[EventDate "2005.??.??"]
[EventType "corr"]
[SourceDate "2005.03.20"]

1. e4 e5 2. Nf3 Nc6 3. Bc4 Bc5 4. c3 Nf6 5. d4 exd4 6. cxd4 Bb4+ 7. Nc3 Nxe4 8.
O-O Bxc3 9. d5 Bf6 10. Re1 Ne7 11. Rxe4 d6 12. Bg5 Bxg5 13. Nxg5 O-O 14. Nxh7
Kxh7 15. Qh5+ Kg8 16. Rh4 f5 17. Rh3 f4 18. Qh7+ Kf7 19. Rf3 Nf5 20. Rxf4 Qg5
21. g3 Kf6 22. h4 Qh6 23. Qxh6+ gxh6 24. Rc1 Rf7 25. b3 b6 26. Be2 Kg7 27. Bh5
Re7 28. Rc3 Kg8 29. Bg6 Ng7 30. Re3 Rxe3 31. fxe3 Bd7 32. g4 Be8 33. Be4 Rd8
34. Kf2 Rd7 35. Kf3 a5 36. a3 Re7 37. Rf6 Bd7 38. Bg6 Ne8 39. Rf4 Kg7 40. Bxe8
Bxe8 41. Rd4 Bg6 42. b4 axb4 43. axb4 Kf6 44. Kf4 b5 45. e4 Re8 46. g5+ hxg5+
47. hxg5+ Kf7 0-1

[Event "1MCR_3DE_1L_2S"]
[Site "?"]
[Date "2005.??.??"]
[Round "2"]
[White "Pytlik, Lesek"]
[Black "Pravec, Ladislav"]
[Result "1/2-1/2"]
[WhiteElo "2367"]
[BlackElo "2381"]
[PlyCount "48"]
[EventDate "2005.??.??"]
[EventType "corr"]
[SourceDate "2005.03.20"]

1. e4 c5 2. Nf3 Nc6 3. Bb5 g6 4. Bxc6 dxc6 5. d3 Bg7 6. h3 Nf6 7. Nc3 Nd7 8.
Be3 e5 9. Qd2 h6 10. O-O Qe7 11. a3 Nf8 12. b4 Ne6 13. bxc5 Nxc5 14. Ne2 Ne6
15. Ng3 c5 16. Rab1 b6 17. a4 Nd4 18. Nh2 Be6 19. a5 bxa5 20. Qxa5 O-O 21. c3
Nb3 22. Rxb3 Bxb3 23. Bxc5 Qd8 24. Qa3 Be6 1/2-1/2

[Event "1MCR_3DE_1L_2S"]
[Site "?"]
[Date "2005.??.??"]
[Round "2"]
[White "Hlavac, Frantisek"]
[Black "Toman, Antonin"]
[Result "1/2-1/2"]
[WhiteElo "2355"]
[BlackElo "2209"]
[PlyCount "56"]
[EventDate "2005.??.??"]
[EventType "corr"]
[SourceDate "2005.03.20"]

1. e4 e5 2. Nf3 Nc6 3. Bb5 a6 4. Ba4 Nf6 5. O-O Be7 6. Re1 b5 7. Bb3 O-O 8. a4
Bb7 9. d3 d6 10. Nbd2 Qd7 11. c3 Rfe8 12. Nf1 h6 13. Ng3 Bf8 14. Bd2 Na5 15.
Bc2 c5 16. Qe2 Qe6 17. axb5 axb5 18. d4 Nc4 19. Rxa8 Rxa8 20. Bc1 cxd4 21. cxd4
Qc8 22. b3 Na3 23. Bd3 Qc3 24. Qd1 b4 25. Ne2 Qc7 26. Ng3 Qc3 27. Ne2 Qc7 28.
Ng3 Qc3 1/2-1/2

[Event "1MCR_3DE_1L_2S"]
[Site "?"]
[Date "2005.??.??"]
[Round "2"]
[White "Svajdler, Frantisek"]
[Black "Struzka, Vlastimil"]
[Result "1-0"]
[WhiteElo "2168"]
[BlackElo "2216"]
[PlyCount "112"]
[EventDate "2005.??.??"]
[EventType "corr"]
[SourceDate "2005.03.20"]

1. e4 c5 2. Nf3 Nc6 3. d4 cxd4 4. Nxd4 e5 5. Nb5 d6 6. c4 Nf6 7. N1c3 a6 8. Na3
Be7 9. Nc2 O-O 10. Be2 Be6 11. O-O Rc8 12. b3 b5 13. cxb5 Na7 14. Qd3 Nxb5 15.
Nxb5 axb5 16. Ne3 b4 17. Bb2 Qb6 18. Rfd1 Rfd8 19. Bf3 Qa5 20. a3 bxa3 21. Bxa3
Qb6 22. Rdb1 Ra8 23. b4 Qb7 24. b5 Rdb8 25. Nd1 Ra4 26. Nc3 Rd4 27. Qf1 Rc8 28.
Qe1 Bd8 29. b6 Bxb6 30. Nb5 Rxe4 31. Bxe4 Nxe4 32. Nxd6 Nxd6 33. Bxd6 f6 34.
Qd1 Kh8 35. Qd3 Bg8 36. Ba3 Rc7 37. h3 Rc6 38. Bc1 e4 39. Qe2 Qd7 40. Qxe4 Qd1+
41. Kh2 Rc4 42. Be3 Qd6+ 43. Bf4 Qd7 44. Qxc4 Bxc4 45. Ra8+ Bg8 46. Rxb6 Qd5
47. Rbb8 h5 48. Rxg8+ Kh7 49. Rh8+ Kg6 50. Ra7 Qc4 51. Be3 Qe6 52. Rxh5 Qd6+
53. g3 Qb8 54. Rh4 Kf5 55. Rxg7 Ke6 56. Re4+ Kd5 1-0

[Event "1MCR_3DE_1L_3S"]
[Site "?"]
[Date "2005.??.??"]
[Round "3"]
[White "Cakl, Zdenek"]
[Black "Mikoska, Josef"]
[Result "1/2-1/2"]
[WhiteElo "2139"]
[BlackElo "2134"]
[PlyCount "45"]
[EventDate "2005.??.??"]
[EventType "corr"]
[SourceDate "2005.03.20"]

1. e4 e5 2. Nf3 Nc6 3. d4 exd4 4. Nxd4 Bc5 5. Be3 Qf6 6. c3 Nge7 7. Bc4 O-O 8.
O-O Bb6 9. Nc2 d6 10. f4 Be6 11. Bd3 Qh6 12. Qf3 f5 13. exf5 Bxe3+ 14. Nxe3
Nxf5 15. Nxf5 Bxf5 16. Bc4+ Be6 17. Nd2 Rae8 18. Rae1 Bxc4 19. Rxe8 Rxe8 20.
Nxc4 Qe6 21. Qd3 a6 22. a3 g6 23. Nd2 1/2-1/2

[Event "1MCR_3DE_1L_3S"]
[Site "?"]
[Date "2005.??.??"]
[Round "3"]
[White "Nepustil, Frantisek"]
[Black "Glaser, Karel"]
[Result "1/2-1/2"]
[WhiteElo "2200"]
[BlackElo "2039"]
[PlyCount "95"]
[EventDate "2005.??.??"]
[EventType "corr"]
[SourceDate "2005.03.20"]

1. e4 e5 2. d4 exd4 3. c3 d5 4. exd5 Nf6 5. Bb5+ Bd7 6. Bc4 dxc3 7. Nxc3 Bd6 8.
Qe2+ Be7 9. Nf3 O-O 10. O-O Bg4 11. h3 Bh5 12. Re1 Bd6 13. Bg5 Nbd7 14. Qd3 a6
15. g4 Bg6 16. Qd2 h6 17. Bh4 Nc5 18. Qd4 b5 19. b4 Ncd7 20. Bb3 Re8 21. a3 Rc8
22. Kg2 Rb8 23. Bg3 a5 24. Bxd6 cxd6 25. Rxe8+ Nxe8 26. Re1 Nc7 27. Qf4 axb4
28. axb4 Qf8 29. Ra1 Rb7 30. Nd4 Ne5 31. Qg3 Bd3 32. f4 Ng6 33. f5 Ne5 34. Nc6
Bc4 35. Bxc4 bxc4 36. Nxe5 dxe5 37. Qxe5 Nb5 38. Ne4 Re7 39. Qf4 Qe8 40. d6
Rxe4 41. d7 Re2+ 42. Kf3 Qxd7 43. Kxe2 Qd3+ 44. Kf2 Nd6 45. Re1 c3 46. f6 gxf6
47. Qf3 Qc4 48. b5 1/2-1/2

[Event "1MCR_3DE_1L_1S"]
[Site "?"]
[Date "2005.??.??"]
[Round "1"]
[White "Pecka, Josef"]
[Black "Necesany, Zdenek"]
[Result "1-0"]
[WhiteElo "2309"]
[BlackElo "2215"]
[PlyCount "71"]
[EventDate "2005.??.??"]
[EventType "corr"]
[SourceDate "2005.03.20"]

1. e4 e5 2. f4 exf4 3. Bc4 Nf6 4. Nc3 c6 5. Bb3 d5 6. exd5 cxd5 7. d4 Bd6 8.
Nge2 O-O 9. Bxf4 Bxf4 10. Nxf4 Re8+ 11. Nfe2 Ng4 12. O-O Qh4 13. h3 Ne3 14. Qe1
Qg5 15. Nf4 Bd7 16. Qf2 Nxf1 17. Rxf1 Na6 18. Bxd5 Bc6 19. Bb3 Nc7 20. Nd3 Rf8
21. Ne5 Be8 22. Ne4 Qd8 23. c3 Kh8 24. Qg3 Qe7 25. Nd6 Ne6 26. Nf5 Qf6 27. Bd5
Ng5 28. c4 Qd8 29. h4 f6 30. Nd3 g6 31. Nd6 Bf7 32. hxg5 Bxd5 33. cxd5 Kg8 34.
Nc5 fxg5 35. Rxf8+ Qxf8 36. Ne6 1-0

[Event "1MCR_3DE_1L_2S"]
[Site "?"]
[Date "2005.??.??"]
[Round "2"]
[White "Soucha, Stepan"]
[Black "Svajdler, Frantisek"]
[Result "1/2-1/2"]
[WhiteElo "2335"]
[BlackElo "2168"]
[PlyCount "48"]
[EventDate "2005.??.??"]
[EventType "corr"]
[SourceDate "2005.03.20"]

1. d4 Nf6 2. c4 e6 3. Nc3 Bb4 4. Qc2 O-O 5. a3 Bxc3+ 6. Qxc3 b6 7. Bg5 Bb7 8.
e3 d6 9. f3 Nbd7 10. Bd3 c5 11. Ne2 Rc8 12. b4 h6 13. Bh4 d5 14. bxc5 bxc5 15.
cxd5 Nxd5 16. Bxd8 Nxc3 17. Ba5 cxd4 18. exd4 Nd5 19. Rb1 N7b6 20. Kf2 Rfd8 21.
Rhc1 Rxc1 22. Nxc1 Rc8 23. Bd2 Nc3 24. Rb4 Bd5 1/2-1/2